[Event "Toronto Ontario op"]
[Site "Toronto"]
[Date "2022.05.23"]
[Round "6"]
[White "Barron, Michael"]
[Black "Humphreys, Michael"]
[Result "1-0"]
[WhiteElo "2098"]
[BlackElo "2199"]
[PlyCount "62"]
[EventDate "2022.05.21"]
[EventType "swiss"]
[EventRounds "6"]
[EventCountry "CAN"]
[SourceTitle "CBM 209 Extra"]
[Source "ChessBase"]
[SourceDate "2022.09.30"]
[SourceVersion "1"]
[SourceVersionDate "2022.09.30"]
[SourceQuality "1"]

1. e4 c6 2. d4 d5 3. Nd2 dxe4 4. Nxe4 Bf5 5. Ng3 Bg6 6. h4 h6 7. Nf3 Nd7 8. h5 Bh7 9. Bd3 Bxd3 10. Qxd3 e6 11. Bf4 Qa5+ 12. Bd2 Bb4 13. c3 Be7 14. c4 Qc7 15. 0-0-0 Ngf6 16. Kb1 0-0 17. Ne4 c5 18. Nxf6+ Nxf6 19. Bc3 b5 20. cxb5 c4 21. Qe2 Nd5 22. Ne5 Rfc8 23. Rc1 Bd6 24. Bd2 Bxe5 25. Qxe5 Rab8 26. Qxc7 Rxc7 27. a4 Rcc8 28. Rc2 a6 29. bxa6 c3 30. Rhc1 Rb4 31. a7 Ra8 1-0

[Event "Canadian op"]
[Site "Windsor"]
[Date "2016.07.16"]
[Round "8"]
[White "Li, Ben"]
[Black "Humphreys, Michael"]
[Result "1-0"]
[WhiteElo "2324"]
[BlackElo "2206"]
[PlyCount "73"]
[EventDate "2016.07.10"]
[EventType "swiss"]
[EventRounds "9"]
[EventCountry "CAN"]
[SourceTitle "EXT 2017"]
[Source "ChessBase"]
[SourceDate "2016.10.25"]
[SourceVersion "1"]
[SourceVersionDate "2016.10.25"]
[SourceQuality "1"]

1. d4 e6 2. c4 b6 3. a3 Bb7 4. Nc3 f5 5. d5 Nf6 6. g3 Bd6 7. Bg2 0-0 8. Nh3 Na6 9. 0-0 Be5 10. Bd2 Nc5 11. Nf4 a5 12. Qc2 a4 13. Rad1 Qe7 14. Be3 Bxc3 15. Qxc3 Nfe4 16. Qc2 e5 17. Nd3 d6 18. Nb4 Nf6 19. Qxf5 Nfe4 20. Qh5 Bc8 21. Bxc5 Nxc5 22. e3 e4 23. Qe2 Bd7 24. Na2 Rf5 25. Nc3 Re5 26. Rd4 Re8 27. Qc2 Qf7 28. Nxe4 Bf5 29. f3 Qg6 30. Qf2 Bxe4 31. fxe4 Rh5 32. Qf4 h6 33. Bf3 Rhe5 34. Bg4 Nb3 35. Bf5 Qh5 36. Rdd1 Qe2 37. Bg6 1-0

[Event "Hart House Holiday op"]
[Site "Toronto"]
[Date "2015.12.20"]
[Round "4"]
[White "Yu, Jonathan"]
[Black "Humphreys, Michael"]
[Result "1/2-1/2"]
[WhiteElo "2236"]
[BlackElo "2347"]
[PlyCount "62"]
[EventDate "2015.12.18"]
[EventType "swiss"]
[EventRounds "5"]
[EventCountry "CAN"]
[SourceTitle "EXT 2019"]
[Source "ChessBase"]
[SourceDate "2018.10.10"]
[SourceVersion "1"]
[SourceVersionDate "2018.10.10"]
[SourceQuality "1"]

1. e4 e6 2. d4 d5 3. Nd2 Nf6 4. e5 Nfd7 5. Bd3 c5 6. c3 b5 7. Ne2 b4 8. 0-0 Nc6 9. f4 Qb6 10. Nf3 g6 11. Be3 Ba6 12. c4 cxd4 13. cxd5 dxe3 14. dxc6 Qxc6 15. Rc1 Bc5 16. Nfd4 Qb6 17. Nb3 Bb7 18. Kh1 0-0 19. Ng3 Rfd8 20. Qe2 Be7 21. Be4 Bxe4 22. Nxe4 a5 23. Na1 f5 24. exf6 Nxf6 25. Ng5 Rd2 26. Qc4 Nd5 27. Nb3 a4 28. Nxd2 exd2 29. Rcd1 Bxg5 30. fxg5 Ne3 31. Qe4 Z0 1/2-1/2

[Event "Hart House Holiday op"]
[Site "Toronto"]
[Date "2015.12.19"]
[Round "3"]
[White "Humphreys, Michael"]
[Black "Filipovich, David"]
[Result "1/2-1/2"]
[WhiteElo "2347"]
[BlackElo "2166"]
[PlyCount "89"]
[EventDate "2015.12.18"]
[EventType "swiss"]
[EventRounds "5"]
[EventCountry "CAN"]
[SourceTitle "EXT 2019"]
[Source "ChessBase"]
[SourceDate "2018.10.10"]
[SourceVersion "1"]
[SourceVersionDate "2018.10.10"]
[SourceQuality "1"]

1. d4 g6 2. g3 Bg7 3. Bg2 d6 4. e4 Nd7 5. Ne2 e5 6. c3 Ngf6 7. 0-0 0-0 8. h3 b6 9. Be3 Bb7 10. d5 c6 11. c4 cxd5 12. cxd5 Nh5 13. Nec3 Ba6 14. Re1 Nc5 15. Bf1 Bxf1 16. Rxf1 Qd7 17. Kh2 b5 18. b4 Na4 19. Nxa4 bxa4 20. Nc3 Rfc8 21. Rc1 Rc4 22. a3 f5 23. exf5 Rac8 24. fxg6 Nxg3 25. gxh7+ Kh8 26. fxg3 Rxc3 27. Qg4 Qxg4 28. hxg4 Kxh7 29. b5 Kg6 30. Rxc3 Rxc3 31. Bxa7 Rxa3 32. b6 Rb3 33. Ra1 a3 34. Rxa3 Rxa3 35. b7 Rb3 36. b8Q Rxb8 37. Bxb8 Bf8 38. Kg2 Be7 39. Kf3 Kg5 40. Bc7 Kg6 41. Ba5 Kg5 42. Bd2+ Kg6 43. Ke4 Bg5 44. Bb4 Be7 45. Bd2 1/2-1/2

[Event "Calgary op 8th"]
[Site "Calgary"]
[Date "2015.08.03"]
[Round "8"]
[White "Humphreys, Michael"]
[Black "Yao, Sammy"]
[Result "1-0"]
[WhiteElo "2207"]
[BlackElo "2041"]
[PlyCount "57"]
[EventDate "2015.07.29"]
[EventType "swiss"]
[EventRounds "9"]
[EventCountry "CAN"]
[SourceTitle "EXT 2017"]
[Source "ChessBase"]
[SourceDate "2016.10.25"]
[SourceVersion "1"]
[SourceVersionDate "2016.10.25"]
[SourceQuality "1"]

1. d4 d6 2. g3 g6 3. Bg2 Bg7 4. e4 Nf6 5. Ne2 0-0 6. 0-0 e5 7. c3 Nc6 8. h3 Nh5 9. Be3 f5 10. exf5 gxf5 11. dxe5 dxe5 12. Bc5 Re8 13. Nd4 exd4 14. Qxh5 d3 15. Nd2 Re5 16. Rfe1 Be6 17. Rxe5 Nxe5 18. Re1 Qd7 19. Bd4 Bf7 20. Qd1 Nc4 21. Bxg7 Kxg7 22. b3 Na3 23. Nf3 Nc2 24. Re5 Bg6 25. Nd4 Nxd4 26. Qxd3 Rd8 27. Rd5 Ne2+ 28. Kf1 Nxg3+ 29. fxg3 1-0

[Event "Calgary op 8th"]
[Site "Calgary"]
[Date "2015.08.02"]
[Round "7"]
[White "Yam, Alex"]
[Black "Humphreys, Michael"]
[Result "1-0"]
[WhiteElo "2306"]
[BlackElo "2207"]
[PlyCount "161"]
[EventDate "2015.07.29"]
[EventType "swiss"]
[EventRounds "9"]
[EventCountry "CAN"]
[SourceTitle "EXT 2017"]
[Source "ChessBase"]
[SourceDate "2016.10.25"]
[SourceVersion "1"]
[SourceVersionDate "2016.10.25"]
[SourceQuality "1"]

1. e4 c5 2. c3 g6 3. d4 cxd4 4. cxd4 d5 5. exd5 Nf6 6. Nc3 Bg7 7. Qb3 0-0 8. Be2 Na6 9. Bg5 Qb6 10. Qxb6 axb6 11. Nf3 Nb4 12. 0-0 Nfxd5 13. a3 Nxc3 14. bxc3 Nd5 15. Rfc1 Rd8 16. c4 h6 17. Bd2 Nc7 18. Bb4 Bf6 19. Rab1 Bf5 20. Rb3 Ne6 21. d5 Nf4 22. Bf1 b5 23. cxb5 Nxd5 24. Bd2 Kg7 25. h3 Be6 26. Bc4 Rdc8 27. Kh2 Rc5 28. Bxd5 Rxd5 29. Bc3 Rf5 30. Bxf6+ Kxf6 31. Rb2 Rxa3 32. Nd4 Re5 33. Nxe6 Rxe6 34. Rc7 b6 35. Rb4 Rd3 36. Rb7 Rd5 37. f3 Kg7 38. Kg3 f5 39. Rb2 Kf7 40. Rb8 Rd4 41. Rc2 Rb4 42. Rcc8 Rxb5 43. Rf8+ Kg7 44. Rg8+ Kf6 45. f4 Rd6 46. Rbf8+ Ke6 47. Rxg6+ Kd7 48. Rxd6+ Kxd6 49. Rh8 Rc5 50. Rxh6+ e6 51. Kh4 b5 52. g4 fxg4 53. hxg4 Ke7 54. Rh7+ Kf6 55. Rb7 Rc4 56. Kh5 Rxf4 57. g5+ Ke5 58. Rxb5+ Kd6 59. Rb7 e5 60. g6 Rf1 61. g7 Rh1+ 62. Kg6 Rg1+ 63. Kf7 Kc5 64. Rb1 Rxb1 65. g8Q Rb6 66. Qg1+ Kc6 67. Ke6 e4 68. Qd4 Kc7+ 69. Ke5 Rc6 70. Kxe4 Rd6 71. Qa7+ Kd8 72. Ke5 Rg6 73. Qb7 Rh6 74. Qb3 Ra6 75. Qb4 Rc6 76. Qb8+ Kd7 77. Qb7+ Rc7 78. Qb5+ Ke7 79. Qb4+ Kd8 80. Kd6 Rc8 81. Qh4+ 1-0

[Event "Calgary op 8th"]
[Site "Calgary"]
[Date "2015.07.29"]
[Round "1"]
[White "Richardson, Kai"]
[Black "Humphreys, Michael"]
[Result "1-0"]
[WhiteElo "1775"]
[BlackElo "2207"]
[PlyCount "60"]
[EventDate "2015.07.29"]
[EventType "swiss"]
[EventRounds "9"]
[EventCountry "CAN"]
[SourceTitle "EXT 2017"]
[Source "ChessBase"]
[SourceDate "2016.10.25"]
[SourceVersion "1"]
[SourceVersionDate "2016.10.25"]
[SourceQuality "1"]

1. d4 e6 2. c4 b6 3. Nc3 Bb7 4. Nf3 Nf6 5. e3 d5 6. b3 Bd6 7. Bb2 0-0 8. Bd3 Nbd7 9. 0-0 a6 10. a4 Ne4 11. Qc2 f5 12. Rfc1 Nxc3 13. Qxc3 dxc4 14. Bxc4 Qf6 15. Ba3 Bxf3 16. gxf3 Bxa3 17. Rxa3 Qg5+ 18. Kf1 Rf6 19. Ke2 Kh8 20. Bd3 c5 21. b4 cxb4 22. Qxb4 e5 23. Qe7 e4 24. Qxd7 exd3+ 25. Rxd3 Rff8 26. Rdc3 h6 27. Rc8 Raxc8 28. Rxc8 Qf6 29. Rc6 Qh4 30. Qd6 Rd8 1-0

[Event "Francophone-ch 3rd"]
[Site "Montreal"]
[Date "2015.07.24"]
[Round "8"]
[White "Humphreys, Michael"]
[Black "Tremblay, Alain"]
[Result "1-0"]
[WhiteElo "2207"]
[BlackElo "2028"]
[PlyCount "70"]
[EventDate "2015.07.17"]
[EventType "swiss"]
[EventRounds "9"]
[EventCountry "CAN"]
[SourceTitle "EXT 2016"]
[Source "ChessBase"]
[SourceDate "2015.10.08"]
[SourceVersion "1"]
[SourceVersionDate "2015.10.08"]
[SourceQuality "1"]

1. d4 Nf6 2. c4 e6 3. Nf3 d5 4. Nc3 c5 5. cxd5 exd5 6. g3 Nc6 7. Bg2 Be7 8. 0-0 0-0 9. Bg5 c4 10. Ne5 Bf5 11. Rc1 Qa5 12. Bxf6 Bxf6 13. Nxd5 Bxe5 14. dxe5 Rad8 15. Rxc4 Be6 16. e4 Nxe5 17. Ra4 Qb5 18. Rb4 Qa6 19. Rd4 Bxd5 20. Rxd5 Qf6 21. Qb3 Rxd5 22. exd5 b6 23. Qc3 b5 24. Re1 Nc4 25. Qxf6 gxf6 26. b3 Nb6 27. Re2 Rd8 28. Re7 Nxd5 29. Bxd5 Rxd5 30. Rxa7 Rd1+ 31. Kg2 Rd2 32. a3 Ra2 33. a4 Kg7 34. Kf3 h6 35. h4 Kg6 1-0

[Event "CAN-ch"]
[Site "Guelph"]
[Date "2015.07.15"]
[Round "8"]
[White "Cai, Jason"]
[Black "Humphreys, Michael"]
[Result "0-1"]
[WhiteElo "2046"]
[BlackElo "2207"]
[PlyCount "126"]
[EventDate "2015.07.10"]
[EventType "swiss"]
[EventRounds "9"]
[EventCountry "CAN"]
[SourceTitle "CBM 167 Extra"]
[Source "ChessBase"]
[SourceDate "2015.09.14"]
[SourceVersion "1"]
[SourceVersionDate "2015.09.14"]
[SourceQuality "1"]

1. e4 e6 2. d4 d5 3. Nd2 c5 4. Ngf3 cxd4 5. exd5 Qxd5 6. Bc4 Qd6 7. 0-0 Nf6 8. Nb3 Nc6 9. Nbxd4 Nxd4 10. Nxd4 a6 11. Re1 Qc7 12. Qe2 h6 13. h3 Bc5 14. c3 0-0 15. Be3 Re8 16. Bb3 b6 17. Nf3 Bb7 18. Rad1 Rad8 19. Bxc5 Qxc5 20. Rxd8 Rxd8 21. Rd1 Rd6 22. Rxd6 Qxd6 23. Qe5 Qxe5 24. Nxe5 Kf8 25. a4 Ke7 26. a5 bxa5 27. Nc4 Ne4 28. Nxa5 Nc5 29. Bc2 Be4 30. Bxe4 Nxe4 31. Nc4 f6 32. Kf1 Kd7 33. Ke2 Kc6 34. Ke3 Kc5 35. Na3 Nd6 36. b4+ Kc6 37. c4 Nb7 38. Kd4 e5+ 39. Ke4 g6 40. Nb1 a5 41. bxa5 Nxa5 42. Kd3 Kc5 43. Nd2 f5 44. g4 Kb4 45. gxf5 gxf5 46. f3 Nb7 47. Nf1 Nc5+ 48. Ke2 f4 49. h4 h5 50. Nd2 Kc3 51. Nb1+ Kxc4 52. Na3+ Kd5 53. Nb5 Nb3 54. Nc3+ Ke6 55. Kf2 Nd4 56. Kg2 Nf5 57. Kh3 Nd6 58. Kg2 Kf5 59. Ne2 Nb5 60. Kf2 e4 61. fxe4+ Kxe4 62. Ng1 Nd4 63. Nh3 Kf5 0-1

[Event "CAN-ch"]
[Site "Guelph"]
[Date "2015.07.14"]
[Round "7"]
[White "Humphreys, Michael"]
[Black "Chen, Richard"]
[Result "1/2-1/2"]
[WhiteElo "2207"]
[BlackElo "2082"]
[PlyCount "123"]
[EventDate "2015.07.10"]
[EventType "swiss"]
[EventRounds "9"]
[EventCountry "CAN"]
[SourceTitle "CBM 167 Extra"]
[Source "ChessBase"]
[SourceDate "2015.09.14"]
[SourceVersion "1"]
[SourceVersionDate "2015.09.14"]
[SourceQuality "1"]

1. d4 Nf6 2. c4 c5 3. d5 b5 4. cxb5 a6 5. b6 d6 6. Nc3 Nbd7 7. Nf3 g6 8. a4 Qxb6 9. a5 Qa7 10. e4 Bg7 11. Be2 0-0 12. 0-0 Rb8 13. Nd2 Ne8 14. Nc4 Nc7 15. Bg5 Re8 16. Na4 Nb5 17. Rb1 Nd4 18. Nab6 Nxb6 19. Nxb6 Bd7 20. Re1 Bb5 21. Bd3 Rb7 22. b4 Rxb6 23. axb6 Qxb6 24. bxc5 Qxc5 25. Qd2 Qa3 26. Bxb5 Nxb5 27. Qc2 h6 28. Be3 Qa5 29. Bd2 Qb6 30. Qc6 Qxc6 31. dxc6 Rc8 32. Rec1 h5 33. Rb4 Bd4 34. Ra4 Bc5 35. Be3 Rxc6 36. Bxc5 dxc5 37. Rac4 Re6 38. f3 Nd4 39. Kf2 Kg7 40. R1c3 Nb5 41. Rd3 Nd6 42. Rc2 c4 43. Rd5 c3 44. Rxc3 Nb5 45. Rc8 Rb6 46. Rdd8 e5 47. Rb8 Rc6 48. Rd2 Nd4 49. Ra8 a5 50. Ra2 Nb3 51. Rb8 Rc3 52. h4 Kf6 53. Kg3 Nc5 54. Rb7 Kg7 55. Rxa5 Nxe4+ 56. Kh2 Nd2 57. Rxe5 Rxf3 58. Rd5 Rf2 59. Rb4 Re2 60. Kg3 Nf1+ 61. Kf3 Re7 62. Rc4 1/2-1/2

[Event "CAN-ch"]
[Site "Guelph"]
[Date "2015.07.11"]
[Round "3"]
[White "Humphreys, Michael"]
[Black "Zhou, Qiyu"]
[Result "1/2-1/2"]
[WhiteElo "2207"]
[BlackElo "2125"]
[PlyCount "124"]
[EventDate "2015.07.10"]
[EventType "swiss"]
[EventRounds "9"]
[EventCountry "CAN"]
[SourceTitle "CBM 167 Extra"]
[Source "ChessBase"]
[SourceDate "2015.09.14"]
[SourceVersion "1"]
[SourceVersionDate "2015.09.14"]
[SourceQuality "1"]

1. d4 d5 2. c4 e6 3. Nc3 Nf6 4. Nf3 Be7 5. Bf4 0-0 6. e3 b6 7. Bd3 Bb7 8. cxd5 exd5 9. 0-0 c5 10. Ne5 Nbd7 11. Qf3 Re8 12. Bb5 cxd4 13. Bxd7 Nxd7 14. Nxf7 Qc8 15. Nb5 Kxf7 16. Rac1 Nc5 17. exd4 Qd7 18. Nd6+ Bxd6 19. Bxd6+ Kg8 20. dxc5 bxc5 21. Bxc5 a6 22. Bd4 Rac8 23. Qb3 Re4 24. Rxc8+ Qxc8 25. Qc3 Qxc3 26. Bxc3 d4 27. f3 Rf4 28. Bd2 Rf7 29. Rc1 Rd7 30. Kf2 Kf7 31. Ba5 Ke6 32. Ke2 Kd5 33. Kd3 Bc6 34. Bb4 Bb5+ 35. Kd2 Rd8 36. b3 Re8 37. Rc5+ Ke6 38. a4 Bf1 39. Ke1 Bd3 40. Ba3 Kf7+ 41. Kd2 Bf1 42. Rc7+ Kg8 43. Bc5 Re2+ 44. Kd1 Rxg2 45. Bxd4 Be2+ 46. Kd2 Bxf3+ 47. Ke3 Bd1 48. Rb7 Rxh2 49. Rxg7+ Kf8 50. Ra7 Bxb3 51. Rxa6 Ra2 52. a5 Bc4 53. Ra7 h5 54. Rc7 Ba6 55. Bc5+ Kg8 56. Bb6 h4 57. Rc5 h3 58. Rh5 Bf1 59. Bc7 Bg2 60. Rf5 Kh7 61. Rh5+ Kg6 62. Rh8 Kf7 1/2-1/2

[Event "CAN-ch"]
[Site "Guelph"]
[Date "2015.07.10"]
[Round "1"]
[White "Humphreys, Michael"]
[Black "Kiviaho, Bob"]
[Result "1-0"]
[WhiteElo "2207"]
[BlackElo "2163"]
[PlyCount "73"]
[EventDate "2015.07.10"]
[EventType "swiss"]
[EventRounds "9"]
[EventCountry "CAN"]
[SourceTitle "CBM 167 Extra"]
[Source "ChessBase"]
[SourceDate "2015.09.14"]
[SourceVersion "1"]
[SourceVersionDate "2015.09.14"]
[SourceQuality "1"]

1. d4 Nf6 2. c4 e6 3. Nf3 d5 4. Nc3 Nbd7 5. Bf4 Ne4 6. cxd5 Nxc3 7. bxc3 exd5 8. e3 Nf6 9. Bd3 Bd6 10. Ne5 0-0 11. 0-0 c6 12. c4 Qe7 13. cxd5 Nxd5 14. Bg3 Be6 15. e4 Nb4 16. Bb1 f6 17. Nf3 Rad8 18. a3 Bxg3 19. hxg3 Na6 20. Qc2 g6 21. Re1 Bf7 22. Ba2 Bxa2 23. Qxa2+ Qf7 24. Qb2 c5 25. d5 Rd6 26. Rad1 Rfd8 27. Qb3 Nb8 28. g4 b6 29. g5 Nd7 30. gxf6 Rxf6 31. e5 c4 32. Qxc4 Rf5 33. Qc2 Rf8 34. e6 Qf6 35. exd7 Rg5 36. Re3 Qf7 37. Qe4 1-0

[Event "Calgary"]
[Site "Calgary"]
[Date "2014.11.11"]
[Round "8.5"]
[White "Arruebarrena Rodriguez, Rafael"]
[Black "Humphreys, Michael"]
[Result "1/2-1/2"]
[WhiteElo "2268"]
[BlackElo "2190"]
[PlyCount "83"]
[EventDate "2014.11.06"]
[EventType "tourn"]
[EventRounds "9"]
[EventCountry "CAN"]
[SourceTitle "EXT 2022"]
[Source "ChessBase"]
[SourceDate "2021.10.06"]
[SourceVersion "1"]
[SourceVersionDate "2021.10.06"]
[SourceQuality "1"]

1. e4 c6 2. d4 d5 3. Nd2 dxe4 4. Nxe4 Bf5 5. Ng3 Bg6 6. h4 h6 7. Nf3 Nd7 8. h5 Bh7 9. Bd3 Bxd3 10. Qxd3 e6 11. Bd2 Ngf6 12. 0-0-0 Be7 13. Kb1 0-0 14. Ne4 Nxe4 15. Qxe4 Nf6 16. Qe2 Qd5 17. Ne5 Qe4 18. Qxe4 Nxe4 19. Be1 Rfd8 20. f3 Nf6 21. Bf2 Kf8 22. c4 Nd7 23. Kc2 Rac8 24. Kc3 a5 25. f4 Nf6 26. Bh4 c5 27. Bxf6 Bxf6 28. dxc5 Rxd1 29. Rxd1 Rxc5 30. Kd4 b6 31. b3 Ke7 32. Re1 Kd6 33. a4 g6 34. hxg6 fxg6 35. Ke4 Bxe5 36. Rd1+ Bd4 37. Rxd4+ Ke7 38. Rd3 Rh5 39. Rg3 Kf6 40. Rd3 Ke7 41. Rg3 Kf6 42. Rd3 1/2-1/2

[Event "Calgary"]
[Site "Calgary"]
[Date "2014.11.10"]
[Round "7.3"]
[White "Humphreys, Michael"]
[Black "Shi, Diwen"]
[Result "1-0"]
[WhiteElo "2190"]
[BlackElo "2219"]
[PlyCount "84"]
[EventDate "2014.11.06"]
[EventType "tourn"]
[EventRounds "9"]
[EventCountry "CAN"]
[SourceTitle "EXT 2022"]
[Source "ChessBase"]
[SourceDate "2021.10.06"]
[SourceVersion "1"]
[SourceVersionDate "2021.10.06"]
[SourceQuality "1"]

1. Nf3 Nf6 2. c4 Nc6 3. d4 e6 4. g3 d5 5. Bg2 dxc4 6. Qa4 Bb4+ 7. Bd2 Nd5 8. Qb5 0-0 9. Qxc4 Nb6 10. Qd3 e5 11. Nxe5 Bxd2+ 12. Nxd2 Nxd4 13. e3 Ne6 14. Qxd8 Rxd8 15. Ke2 c6 16. Rhd1 f6 17. Nd3 Bd7 18. Ne4 Be8 19. Ndc5 Nxc5 20. Nxc5 Bh5+ 21. Bf3 Bxf3+ 22. Kxf3 Nc4 23. b3 Ne5+ 24. Ke2 b6 25. Ne6 Rxd1 26. Rxd1 Kf7 27. Nd4 c5 28. Nb5 a6 29. Nd6+ Ke6 30. f4 Ng4 31. Ne4 Ke7 32. Nc3 Rd8 33. Nd5+ Ke6 34. Nc7+ Ke7 35. Nd5+ Ke6 36. e4 Rd6 37. h3 Nh6 38. Nc7+ Ke7 39. Rxd6 Kxd6 40. Ne8+ Ke7 41. Nxg7 Kf7 42. Nf5 Ng8 1-0

[Event "Calgary"]
[Site "Calgary"]
[Date "2014.11.07"]
[Round "2.4"]
[White "Ng, Gary"]
[Black "Humphreys, Michael"]
[Result "0-1"]
[WhiteElo "2151"]
[BlackElo "2190"]
[PlyCount "180"]
[EventDate "2014.11.06"]
[EventType "tourn"]
[EventRounds "9"]
[EventCountry "CAN"]
[SourceTitle "EXT 2022"]
[Source "ChessBase"]
[SourceDate "2021.10.06"]
[SourceVersion "1"]
[SourceVersionDate "2021.10.06"]
[SourceQuality "1"]

1. b4 e5 2. Bb2 Bxb4 3. Bxe5 Nf6 4. c4 0-0 5. Nf3 d5 6. e3 c5 7. Nc3 Nbd7 8. Bd6 Re8 9. Nxd5 Nxd5 10. cxd5 Nf6 11. Be5 Ne4 12. Bb2 Bg4 13. Bc1 Qxd5 14. Qb3 Rad8 15. Qxd5 Rxd5 16. Bc4 Rd6 17. a3 Ba5 18. Ra2 Bxf3 19. gxf3 Nxd2 20. Bxd2 Rxd2 21. 0-0 Red8 22. Rxd2 Rxd2 23. Rb1 b6 24. Rc1 Kf8 25. f4 Ke7 26. Kg2 Rb2 27. a4 Bd2 28. Rd1 Bc3 29. Bb5 Rd2 30. Rxd2 Bxd2 31. Kf3 f5 32. Bd3 Ke6 33. Bc4+ Kf6 34. h4 g6 35. Bd3 Ke6 36. Bc4+ Ke7 37. Bd3 Kf7 38. Bc4+ Kg7 39. Bd3 Bc3 40. Bc4 Bf6 41. Kg3 Kf8 42. Kh3 Bc3 43. Kg3 Ke7 44. Kf3 Kf6 45. Kg3 Bd2 46. Kf3 h6 47. Bb5 Bc3 48. Bc4 Ke7 49. Kg3 Bf6 50. Kh3 Kd6 51. f3 Ke7 52. Kg3 Bc3 53. Kf2 Bf6 54. Kg3 Bb2 55. Bd3 Ke6 56. e4 Bc1 57. Bc4+ Kf6 58. Bd3 Bd2 59. Bc4 Be1+ 60. Kh3 Bf2 61. Bd3 Ke6 62. Bc4+ Ke7 63. Bd3 Kd7 64. Bc4 Ke7 65. Bd3 Kd6 66. Bc4 Be3 67. Kg3 Ke7 68. Bd3 Kf6 69. Bc4 Bd2 70. Bd3 Be1+ 71. Kh3 Bf2 72. Bc4 Be3 73. Kg3 g5 74. hxg5+ hxg5 75. fxg5+ Kxg5 76. f4+ Bxf4+ 77. Kf3 Bc1 78. exf5 Kxf5 79. Ke2 Ke4 80. Kd1 Kd4 81. Bb5 Bg5 82. Kc2 c4 83. Be8 a6 84. Bc6 Kc5 85. Bb7 b5 86. Bxa6 b4 87. Bc8 b3+ 88. Kb1 c3 89. Bf5 Kb4 90. Bc2 bxc2+ 0-1

[Event "Canadian op 51st"]
[Site "Montreal"]
[Date "2014.07.21"]
[Round "4"]
[White "Humphreys, Michael"]
[Black "Ruiz Sanchez, Orlen"]
[Result "1-0"]
[WhiteElo "2129"]
[BlackElo "2465"]
[PlyCount "137"]
[EventDate "2014.07.19"]
[EventType "swiss"]
[EventRounds "9"]
[EventCountry "CAN"]
[SourceTitle "CBM 161 Extra"]
[Source "ChessBase"]
[SourceDate "2014.08.29"]
[SourceVersion "1"]
[SourceVersionDate "2014.08.29"]
[SourceQuality "1"]

1. d4 d5 2. Nf3 Nf6 3. c4 c6 4. Nc3 e6 5. e3 Nbd7 6. Bd3 dxc4 7. Bxc4 b5 8. Bd3 Bd6 9. 0-0 0-0 10. Bd2 Bb7 11. Rc1 Rc8 12. e4 e5 13. dxe5 Nxe5 14. Nxe5 Bxe5 15. Qe2 Re8 16. Rfd1 Qd6 17. g3 Qe6 18. f3 a6 19. a4 c5 20. axb5 c4 21. Bb1 axb5 22. Be3 Bc6 23. b3 b4 24. Na2 cxb3 25. Nxb4 Ba8 26. Nd3 Qa6 27. Qf2 Bb8 28. Nc5 Qb5 29. Rc3 Ba7 30. Rxb3 Qa5 31. Nd7 Nxd7 32. Bxa7 Qa4 33. Qa2 Qc6 34. Bd4 Ne5 35. Bxe5 Rxe5 36. Rbd3 Qb6+ 37. Qf2 Qa5 38. Qa2 Qb6+ 39. Qf2 Qa5 40. Qd2 Qb6+ 41. Kg2 Ree8 42. Ba2 Bc6 43. Qf4 Qb7 44. R1d2 h6 45. h4 Ra8 46. Rc3 Re7 47. g4 Rae8 48. Kg3 Bxe4 49. fxe4 Rxe4 50. Bd5 Rxf4 51. Bxb7 Rf1 52. Rc8 Rxc8 53. Bxc8 g6 54. Ba6 Rg1+ 55. Kf4 Rh1 56. Bb7 Rf1+ 57. Kg3 Kg7 58. Bf3 Re1 59. Rd7 Kf8 60. Kf2 Re7 61. Rxe7 Kxe7 62. Ke3 h5 63. g5 f6 64. Be4 Kf7 65. Kf4 Kg7 66. Bc6 fxg5+ 67. hxg5 Kf8 68. Ke5 Kf7 69. Bd5+ 1-0

[Event "World op 42nd"]
[Site "Arlington"]
[Date "2014.07.05"]
[Round "6"]
[White "Humphreys, Michael"]
[Black "Santarius, Erik F"]
[Result "0-1"]
[WhiteElo "2129"]
[BlackElo "2332"]
[PlyCount "128"]
[EventDate "2014.07.02"]
[EventType "swiss"]
[EventRounds "9"]
[EventCountry "USA"]
[SourceTitle "CBM 161 Extra"]
[Source "ChessBase"]
[SourceDate "2014.08.29"]
[SourceVersion "1"]
[SourceVersionDate "2014.08.29"]
[SourceQuality "1"]

1. Nf3 Nf6 2. c4 b6 3. Nc3 Bb7 4. d4 e6 5. a3 Be7 6. d5 0-0 7. e4 exd5 8. cxd5 d6 9. Bd3 c6 10. 0-0 Nbd7 11. Nd4 cxd5 12. exd5 Ne5 13. Nf5 Nxd3 14. Qxd3 Qd7 15. Bh6 Ne8 16. Nxe7+ Qxe7 17. Qg3 f5 18. Rfe1 Qd7 19. Bf4 Rf6 20. Qe3 Nc7 21. Qd2 h6 22. h4 Rc8 23. Re3 Qf7 24. Rd1 Qh5 25. Re7 Qxh4 26. Rd7 Qh5 27. Bxd6 Rf7 28. Rxc7 Rfxc7 29. Bxc7 Rxc7 30. Re1 Rd7 31. Re5 Kh7 32. Qf4 Rf7 33. Qa4 Qg5 34. Qe8 Rf6 35. Re3 Rg6 36. Rg3 Qc1+ 37. Kh2 Rxg3 38. fxg3 Qxb2 39. Qd7 Qxc3 40. Qxb7 Qe5 41. Qc6 h5 42. Kh1 Qe1+ 43. Kh2 Qe5 44. Kh1 h4 45. gxh4 Qe1+ 46. Kh2 Qxh4+ 47. Kg1 Qe1+ 48. Kh2 Qe5+ 49. Kh1 g5 50. Qb7+ Kg6 51. Qxa7 Qh8+ 52. Kg1 Qd4+ 53. Kf1 g4 54. Qc7 f4 55. Qd6+ Kh5 56. Qe6 Qd1+ 57. Qe1 Qxe1+ 58. Kxe1 Kg5 59. Ke2 Kf5 60. Kd3 Ke5 61. d6 Kxd6 62. Ke4 f3 63. gxf3 gxf3 64. Kxf3 Kd5 0-1

[Event "CAN-ch playoff"]
[Site "Montreal"]
[Date "2012.08.11"]
[Round "2"]
[White "Humphreys, Michael"]
[Black "Qin, Zi Yi"]
[Result "1-0"]
[WhiteElo "2179"]
[BlackElo "2198"]
[PlyCount "129"]
[EventDate "2012.08.11"]
[EventType "match (rapid)"]
[EventRounds "2"]
[EventCountry "CAN"]
[SourceTitle "CBM 149 Extra"]
[Source "ChessBase"]
[SourceDate "2012.08.24"]
[SourceVersion "1"]
[SourceVersionDate "2012.08.24"]
[SourceQuality "1"]

1. Nf3 Nf6 2. c4 g6 3. b4 Bg7 4. Bb2 0-0 5. g3 d6 6. Bg2 e5 7. d3 Nc6 8. b5 Ne7 9. 0-0 h6 10. Qc2 Be6 11. Nfd2 Rb8 12. Qa4 Qd7 13. Qxa7 Bh3 14. e4 Nh5 15. Nc3 g5 16. f3 Be6 17. Nd5 Ng6 18. a4 c6 19. Nb4 Bf6 20. bxc6 bxc6 21. Qxd7 Bxd7 22. Ba3 Ra8 23. Bb2 Rfb8 24. Bc3 c5 25. Nd5 Bxa4 26. g4 Nhf4 27. Nxf6+ Kg7 28. Nh5+ Nxh5 29. gxh5 Nf4 30. Ra3 Bc2 31. Rxa8 Rxa8 32. Ra1 Rb8 33. Bf1 Rb6 34. Ra2 Bxd3 35. Bxd3 Nxd3 36. Kf1 Nf4 37. Rb2 Ra6 38. Nb3 Ra3 39. Bd2 Nxh5 40. Kg2 Nf6 41. h3 Kg6 42. Na5 h5 43. Nc6 g4 44. Ne7+ Kh7 45. hxg4 hxg4 46. fxg4 Nxe4 47. Be1 Ra4 48. Rc2 Nf6 49. g5 Ne4 50. Bh4 Ra7 51. Kf3 d5 52. cxd5 Nd6 53. Rxc5 Kg7 54. Nc6 Ra3+ 55. Kg4 e4 56. Ne7 e3 57. Nf5+ Nxf5 58. Kxf5 e2 59. d6 Rh3 60. Be1 Rd3 61. Ke5 Rd1 62. Bh4 e1Q+ 63. Bxe1 Rxe1+ 64. Kd5 Kg6 65. Kc6 1-0

[Event "CAN-ch"]
[Site "Montreal"]
[Date "2012.08.11"]
[Round "9"]
[White "Masse, Hugues"]
[Black "Humphreys, Michael"]
[Result "0-1"]
[WhiteElo "2232"]
[BlackElo "2179"]
[PlyCount "74"]
[EventDate "2012.08.04"]
[EventType "swiss"]
[EventRounds "9"]
[EventCountry "CAN"]
[SourceTitle "CBM 149 Extra"]
[Source "ChessBase"]
[SourceDate "2012.08.24"]
[SourceVersion "1"]
[SourceVersionDate "2012.08.24"]
[SourceQuality "1"]

1. d4 Nf6 2. c4 e6 3. g3 c5 4. d5 exd5 5. cxd5 d6 6. Nc3 g6 7. Bg2 Bg7 8. Nf3 0-0 9. 0-0 a6 10. a4 Nbd7 11. Nd2 Re8 12. h3 Rb8 13. Nc4 Ne5 14. Na3 Nh5 15. e4 Bd7 16. a5 b5 17. axb6 Bb5 18. Naxb5 axb5 19. Nxb5 Qxb6 20. Na3 Qb3 21. g4 Nf6 22. Qxb3 Rxb3 23. Bf4 Nfd7 24. Ra2 Ra8 25. Rfa1 Nd3 26. Bxd6 Nb4 27. e5 Nxa2 28. e6 Rbxa3 29. exd7 R3a7 30. Bxc5 Rxd7 31. d6 Rc8 32. Ba3 Rc1+ 33. Rxc1 Nxc1 34. Bc6 Rd8 35. Bb5 Bf8 36. b3 Nxb3 37. Bc4 Nd2 0-1